An INTRODUCTION to early childhood

Guardat en:
Dades bibliogràfiques
Autor principal: edited by Waller, Tim and Davis, Geraldine
Format: Llibre
Idioma:anglès
Publicat: Sage Publications 2014
Etiquetes: Afegir etiqueta
Sense etiquetes, Sigues el primer a etiquetar aquest registre!

MARC

LEADER 00000nam a22000007a 4500
008 210128b ||||| |||| 00| 0 eng d
020 |a 978-1-4462-5485-1 
100 |a edited by Waller, Tim and Davis, Geraldine  
245 |a An INTRODUCTION to early childhood  |c edited by Tim Waller and Geraldine Davis.  |g xvi; 421p.; ill. 
250 |b 3rd ed.  |c edited by Waller, Tim and Davis, Geraldine  
260 |b Sage Publications  |c 2014  |h Los Angeles  |i 692118  |i 692119  |l HQ767.9 .In8  |m Children.  |m Child care.  |m Early childhood education. 
942 |a lcc  |c BK  |e YUNUSA, A.A.  |f 28/01/2021 
952 |0 0  |1 0  |2 lcc  |4 0  |6 HQ07679 I N8  |7 0  |9 1974  |a HOL  |b SSL  |c GJ  |d 2021-01-28  |l 0  |o HQ767.9 .In8  |p 2021-5835  |r 2021-01-28 00:00:00  |w 2021-01-28  |y BK 
952 |0 0  |1 0  |2 lcc  |4 0  |6 HQ07679 I N8  |7 0  |9 1975  |a HOL  |b HOL  |c GJ  |d 2021-01-28  |l 0  |o HQ767.9 .In8  |p 2021-5836  |r 2021-01-28 00:00:00  |w 2021-01-28  |y BK 
999 |c 1034  |d 1034